000 00477nam a2200157Ia 4500
003 GCL
005 20240530105328.0
008 140319s9999 xx 000 0 ara d
040 _aGCL /
_cGCL
082 0 4 _a910.03624
_bع د
100 0 _aعبدالعزيز كامل
245 1 0 _aدراسات فى الجغرافيا البشرية للسودان /
_cعبدالعزيز كامل
260 _a[S.N] :
_bدار المعارف ،
_c1972
300 _a140 ص
942 _2ddc
_cBK
999 _c54969
_d54969